Loading...
History - European History | 0 | 7 | 1 | 1 | 65 | 82 | 122.86 | 0 | 1 |
Geography | 0 | 6 | 1 | 1 | 55 | 77 | 109.17 | 0 | 0 |
History - World History | 0 | 7 | 3 | 0 | 55 | 69 | 109.00 | 0 | 3 |
Current Events | 0 | 4 | 0 | 0 | 40 | 22 | 86.50 | 1 | 1 |
Literature - British Literature | 0 | 4 | 0 | 1 | 40 | 103 | 133.75 | 0 | 0 |
Religion | 0 | 3 | 0 | 1 | 30 | 110 | 134.00 | 0 | 0 |
History - Other History | 0 | 3 | 0 | 0 | 30 | 81 | 119.33 | 0 | 1 |
Science - Other Science | 0 | 3 | 1 | 2 | 25 | 111 | 133.33 | 0 | 0 |
History - American History | 0 | 2 | 0 | 1 | 20 | 128 | 138.00 | 0 | 0 |
Literature - American Literature | 0 | 2 | 0 | 0 | 20 | 96 | 100.00 | 0 | 0 |
Social Science | 0 | 3 | 2 | 0 | 20 | 25 | 81.00 | 1 | 3 |
Literature - World Literature | 0 | 2 | 0 | 0 | 20 | 144 | 147.00 | 0 | 0 |
Science - Physics | 0 | 2 | 0 | 2 | 20 | 147 | 147.50 | 0 | 1 |
Literature - European Literature | 0 | 3 | 3 | 0 | 15 | 96 | 135.00 | 0 | 1 |
Fine Arts - Classical Music | 0 | 1 | 0 | 0 | 10 | 144 | 144.00 | 0 | 0 |
Science - Biology | 0 | 1 | 0 | 0 | 10 | 111 | 111.00 | 0 | 0 |
Philosophy | 0 | 1 | 0 | 0 | 10 | 116 | 116.00 | 0 | 0 |
Science - Chemistry | 0 | 1 | 0 | 0 | 10 | 126 | 126.00 | 0 | 0 |
Fine Arts - Painting & Sculpture | 0 | 1 | 0 | 0 | 10 | 128 | 128.00 | 0 | 0 |
Fine Arts - Other Fine Arts | 0 | 0 | 1 | 0 | -5 | 0.00 | 0 | 0 |